I do what I Do (Record no. 48712)

MARC details
000 -LEADER
fixed length control field 00301nam a2200133Ia 4500
008 - FIXED-LENGTH DATA ELEMENTS--GENERAL INFORMATION
fixed length control field 220805s9999 xx 000 0 und d
041 ## - LANGUAGE CODE
Language code of text/sound track or separate title eng
082 ## - DEWEY DECIMAL CLASSIFICATION NUMBER
Classification number 809.339 332
100 ## - MAIN ENTRY--PERSONAL NAME
Personal name Raghuram Rajan
9 (RLIN) 88517
260 ## - PUBLICATION, DISTRIBUTION, ETC. (IMPRINT)
Name of publisher, distributor, etc. Harper Business
Date of publication, distribution, etc. 2018
245 ## - TITLE STATEMENT
Title I do what I Do
250 ## - EDITION STATEMENT
Edition statement 1
300 ## - PHYSICAL DESCRIPTION
Extent 342
Holdings
Withdrawn status Lost status Damaged status Not for loan Collection code Home library Current library Date acquired Vendor Total Checkouts Full call number Barcode Date last seen Bill Date Koha item type Original Barcode
          Manilal Nanavati Vocational Training Institute Pune Manilal Nanavati Vocational Training Institute Pune 09/08/2022 purchase   809.339 332RAG/DB1343 MNVT-BK-1343 09/08/2022 09/08/2022 Books B1343